000
00293nam a22001337a 4500
008
181015b xxu||||| |||| 00| 0 eng d
020
_a
9781565100992
041
_a
eng
080
_a
371
100
_a
25
101
_a
EDU
245
_a
Writing Research papers
_c
Harnack,A
942
_2
udc
_c
BK
999
_c
49625
_d
49625